| 000 | 00891nam a2200301Ia 4500 | ||
|---|---|---|---|
| 008 | 160803s9999 xx 000 0 und d | ||
| 020 | _a9780439095525 | ||
| 100 | _aSullivan, George | ||
| 245 | _aPaul Revere / | ||
| 245 | _cGeorge Sullivan. | ||
| 260 | _aNew York : | ||
| 260 | _bScholastic Inc. | ||
| 260 | _c1999 | ||
| 300 | _a128 pages : | ||
| 300 | _billustrations, maps ; | ||
| 300 | _c20 cm. | ||
| 440 | _aIn their own words (Scholastic). | ||
| 650 | _aMassachusetts -- Biography -- | ||
| 650 | _aMassachusetts -- History -- Revolution, 1775-1783 -- | ||
| 650 | _aRevere, Paul, -- 1735-1818 -- | ||
| 650 | _aRevere, Paul, -- 1735-1818. | ||
| 650 | _aStatesmen -- Massachusetts -- Biography -- | ||
| 650 | _xJuvenile literature. | ||
| 650 | _xJuvenile literature. | ||
| 650 | _xJuvenile literature. | ||
| 650 | _xJuvenile literature. | ||
| 700 | _a740 | ||
| 999 |
_c298701 _d298701 |
||